000 00610nam a2200229Ia 4500
003 OSt
005 20220918205516.0
006 a|||||r|||| 00| 0
007 ta
008 220917b |||||||| |||| 00| 0 eng d
024 _a116,877
037 _cTextual
040 _aARTS
_cARTS
_beng
041 _2eng
_aeng
082 _aV63:221wM14, D0.1-.2 (906)
100 _aMolteno P A
_9115357
245 0 _aLife and times of Sir John Charles Molteno
260 _c1900
650 _aHISTORY
942 _hV63:221wM14, D0.1-.2 (906)
_cTEXL
_2CC
999 _c240197
_d240197